| 000 | 00907 a2200217 4500 | ||
|---|---|---|---|
| 999 |
_c10044 _d10044 |
||
| 020 | _a0073531960 | ||
| 020 | _a9780073531960 | ||
| 050 | 0 | 0 | _aBF76.5 ROS 2008 |
| 100 | 1 |
_aRosenthal, Robert, _d1933- _eauthor |
|
| 245 | 1 | 0 |
_aEssentials of behavioral research : _bmethods and data analysis / _cRobert Rosenthal, Ralph L. Rosnow. |
| 250 | _a3rd ed. | ||
| 264 |
_aBoston: _bMcGraw-Hill, _c2008. |
||
| 300 |
_axxi, 842 p. : _bill. ; |
||
| 500 | _aA comprehensive treatment of methods and data analysis. | ||
| 504 | _aIncludes bibliographical references (p. 765-814) and indexes. | ||
| 650 | 0 |
_aPsychology _xResearch _xMethodology. |
|
| 700 | 1 |
_aRosnow, Ralph L. _eauthor |
|
| 856 | 4 | 1 |
_3Table of contents only _uhttp://www.loc.gov/catdir/toc/ecip0614/2006017236.html |
| 856 | 4 | 2 |
_3Publisher description _uhttp://www.loc.gov/catdir/enhancements/fy0702/2006017236-d.html |
| 942 |
_2lcc _cBK _e3rd ed. _h76.5 _iROS _kBF |
||